Nueva Era y cristianismo : entre el diálogo y la ruptura /

Gardado en:
Detalles Bibliográficos
Autor Principal: Berzosa Martínez, Raúl (autor)
Formato: Libro
Idioma:Lingua castelá
Publicado: Madrid, España : Editorial Católica, 1995, c1995
Series:(Biblioteca de Autores Cristianos Popular; 107)
Temas:
Etiquetas: Engadir etiqueta
Sen Etiquetas, Sexa o primeiro en etiquetar este rexistro!

MARC

LEADER 00000nam^a2200000^a^4500
001 000186621
005 20250521000000.0
009 20260310102233.267
020 |a 84-7914-162-X 
037 |a Acervo ITESO - Biblioteca 
041 |a ESP 
082 |a 200.  |b BAC POP V. 107 
100 |a Berzosa Martínez, Raúl  |e (autor) 
245 1 0 |a Nueva Era y cristianismo :  |b entre el diálogo y la ruptura /  |c R. Berzosa Martínez. 
264 4 |a Madrid, España :  |b Editorial Católica,  |c 1995, c1995 
300 |a 245 p. 
336 |a texto  |b txt  |2 rdacontenido 
337 |a sin mediación  |b n  |2 rdamedio 
338 |a volumen  |b nc  |2 rdasoporte 
440 1 |a (Biblioteca de Autores Cristianos Popular;  |v 107) 
649 |a XX 
650 |a Nueva Era 
650 |a Espiritualidad 
650 |a Movimientos Religiosos 
650 |a Prácticas Culturales 
650 |a Modernidad y Posmodernidad 
650 |a Sociedad Postindustrial 
650 |a Iglesia Católica 
650 |a Cristianismo 
650 |a Sociología de la Cultura 
650 |a Sociología de la Religión 
650 |a Religión 
910 |a Fondo General 
920 |a Impresos - Libros 
930 |a Colección General 
905 |a 101 
901 |a 0500128412  |b IT1  |c ACC  |u 20250521 
902 |a https://opac.biblio.iteso.mx/vufind/Record/000186621